| 000 | 00611cam a2200193 4500 | ||
|---|---|---|---|
| 001 | ##L132161 | ||
| 008 | 060116n2005 000 0 eng u | ||
| 020 | _a186081881 | ||
| 035 | _a(Sirsi) u132161 | ||
| 041 | 0 | _aeng | |
| 050 | 0 | 4 | _a690 $2 18 |
| 110 | 2 |
_aBritish Research Establishment _94859 |
|
| 245 | 0 | 0 |
_aIndex _bBRE digests, good building guides, good repair guides and information papers |
| 260 |
_aWatford _bBRE _c2005 |
||
| 300 |
_a12p. _c30cm. |
||
| 520 | _aLeaflet containing a classified subject index and a numerical listing of BRE publications. | ||
| 690 | _aBUILT ENVIRONMENT | ||
| 942 | _n0 | ||
| 999 |
_c105044 _d105044 |
||